000 00351pam a2200157a 44500
008 230515b1981 xxu||||| |||| 00| 0 eng d
020 _aNULL
041 _aENGLISH
082 _aN.D.
100 _aSkolinik I.M.
245 _aIntroduction to radar system
250 _a0
260 _aNULL
_bMacgraw Hill
_c1981
300 _a579
650 _aNULL
999 _c575066
_d575066